• 首页
  • 本馆介绍
  • 公告通知
  • 最新文献
  • 馆藏检索
  • 电子资源
  • 读者导购
  • 参考咨询
  • 我的图书馆
  • 登录
  • 详细信息显示
  • 放入我的书架
  • 预约/预借图书
  • 作者相关作品
  • 分类相关作品
  • 丛书相关作品
  • 出版社相关作品

书目信息

  • 表格格式
  • 工作单格式
  • 卡片格式
题名:
电工学实验
    
 
作者: 王耀光 主编 ;西安交通大学电工学教研室 编
分册:  
出版信息: 北京   高等教育出版社  1985
页数: 209页
开本: 26cm
丛书名:
单 册:
中图分类: TM-33
科图分类:
主题词: 电工技术
电子资源:
ISBN:
000 00777nam0 2200265 45
001 0185020138
005 20040521091826.9
010    @dCNY2.30
091    @a15010.0633
100    @a19900923d1985 em y0chiy0121 ea
101 0  @achi
102    @aCN@b110000
105    @ay z 000yy
106    @ar
200 10 @a电工学实验@Adian gong xue shi yan@f王耀光主编@g西安交通大学电工学教研室编
210    @a北京@c高等教育出版社@d1985
215    @a209页@d26cm
300    @a高等学校教学参考书
606 0  @a电工技术
690    @aTM-33
701  0 @a王耀光@Awang yao guang@4主编
712 02 @a西安交通大学电工学教研室@Axi an jiao tong da xue dian gong xue jiao yan shi@4编
801  0 @aCN@b深圳图书馆@c20040521
801  2 @aCN@bNLC@c20040521
905    @f4@b136051-054@dTM-33@e33
    
    电工学实验/王耀光主编/西安交通大学电工学教研室编.-北京:高等教育出版社,1985
    209页;26cm
    高等学校教学参考书
    
    ISBN :CNY2.30
    
●
相关链接 在E读中查询图书 在五车中查询图书 在当当中查询图书 在豆瓣中查询图书


正题名:电工学实验     索取号:TM-33/33         预约/预借

序号 登录号 条形码 馆藏地/架位号 状态 备注
1 0136051   000799041   第二样本阅览室/ [索取号:TM-33/33] 在馆    
2 0136052   000799121   密集书库/ [索取号:TM-33/33] 在馆    
3 0136053   000799005   密集书库/ [索取号:TM-33/33] 在馆    
4 0136054   000799087   第三借阅区/ [索取号:TM-33/33] 在馆    
5 0136055   202450374   第二样本阅览室/ [索取号:TM-33/33] 在馆    
唐山师范学院图书馆 欢迎您!
大连网信软件有限公司© 版权所有